| 000 | 00679nam a2200205 a 4500 | ||
|---|---|---|---|
| 005 | 20210219160131.0 | ||
| 008 | 080815s1980 mx r 000 0 spa d | ||
| 020 | _a9681200667 | ||
| 035 | _aUPN01000159260 | ||
| 049 | _aUNE | ||
| 080 | _a328.16: 338.974 (728) CEN. | ||
| 245 | 0 | 0 | _aCentroamérica en crisis. |
| 260 |
_aMéxico : _bEl Colegio de México, _c1980. |
||
| 300 |
_a226 p. : _bil. |
||
| 440 | 0 |
_aCentro de Estudios Internacionales ; _v21 |
|
| 690 | _aAmerica Central - Crisis politicas - Depresion economica | ||
| 690 | _aCrisis politicas - Situacion economica - America Central | ||
| 690 | _aDesarrollo economico y social - America Central | ||
| 905 | _aUNESCO | ||
| 999 |
_c131374 _d131374 |
||